Biggest Peninsula Cities - Statistics

General Stats
  • This quiz has been taken 78 times
  • The average score is 18 of 22
Answer Stats
Hint Answer % Correct
26,640,000 Korean Seoul
100%
5,764,000 Floridan Miami
97%
7,088,000 Malay Kuala Lumpur
96%
6,171,000 Iberian Madrid
96%
14,998,000 Indochina Bangkok
94%
4,693,000 Iberian Barcelona
94%
8,957,000 Indochina Ho Chi Minh City
94%
3,933,000 Arabian Dubai
90%
13,287,000 Catalca/Anatolian Istanbul
90%
3,484,000 Balkan Athens
88%
3,715,000 Indochina Hanoi
88%
5,666,000 Arabian Riyadh
88%
3,806,000 Korean Busan
87%
3,812,000 Cape of Good Hope Cape Town
84%
3,906,000 Apennine Rome
84%
4,538,000 Anatolian Ankara
83%
3,677,000 Arabian Jeddah
78%
3,706,000 Appenine Naples
78%
4,283,000 Arabian Kuwait City
64%
4,800,000 Indochina Yangon
64%
4,183,000 Liaodong Dalian
33%
5,816,000 Shandong Qingdao
32%
No matching quizzes found
Score Distribution
Percent of People with Each Score
Percentile by Number Answered
Your Score History
You have not taken this quiz